000 00912cam a2200193 4500
001 X118368
008 020611n2002 000 0 eng u
035 _a(Sirsi) u118368
245 _aWaltham Forest LBC v SoS Environment Transport and the Regions
260 _c2002
490 _aJournal of Planning and Environment Law
_v[2002] JPL 727-732(6)
520 _aQBD 11 October 2001. Certificate of lawfulness of proposed use. Previous use as a dwelling house. Proposed use as a home for six residents recovering from mental ilness with element of care. Material change of use. (Taken from journal headnote)
650 _aWALTHAM FOREST LBC V SOS ENVIRONMENT TRANSPORT AND THE REGIONS
650 _aCERTIFICATE OF LAWFULNESS OF PROPOSED USE
650 _aMATERIAL CHANGE OF USE
650 _aMENTALLY HANDICAPPED
690 _aENVIRONMENTAL AND LAND CONSULTANCY-PLANNING AND DEVELOPMENT
942 _n0
999 _c70457
_d70457